LIBRARY ONLINE CATALOGUE

Spreadsheet modeling in corporate finance. (Record no. 6154)

MARC details
000 -LEADER
fixed length control field 00725nam a22002292 4500
001 - CONTROL NUMBER
control field 0000002988
005 - DATE AND TIME OF LATEST TRANSACTION
control field 20151217151910.0
008 - FIXED-LENGTH DATA ELEMENTS--GENERAL INFORMATION
fixed length control field 070425s xx 000 0 eng d
020 ## - INTERNATIONAL STANDARD BOOK NUMBER
International Standard Book Number 0130656088 :
040 ## - CATALOGING SOURCE
Original cataloging agency KABU
Transcribing agency KABU
050 #0 - LIBRARY OF CONGRESS CALL NUMBER
Classification number HG4011
Item number .H65
100 1# - MAIN ENTRY--PERSONAL NAME
Personal name Holden, Craig W.
-- 0000152549
245 10 - TITLE STATEMENT
Title Spreadsheet modeling in corporate finance.
260 ## - PUBLICATION, DISTRIBUTION, ETC. (IMPRINT)
Place of publication, distribution, etc. Upper Saddle River, NJ :
Name of publisher, distributor, etc. Prentice-Hall,
Date of publication, distribution, etc. 2002.
300 ## - PHYSICAL DESCRIPTION
Extent 160 p.
500 ## - GENERAL NOTE
General note To accompany Financial management & Policy by Van Horne.
650 #0 - SUBJECT ADDED ENTRY--TOPICAL TERM
Topical term or geographic name as entry element Corporations
General subdivision Finance
-- modeling.
-- 0000152550
908 ## - PUT COMMAND PARAMETER (RLIN)
Put command parameter 070425
950 ## - LOCAL HOLDINGS (RLIN)
-- 1
Holdings
Withdrawn status Lost status Source of classification or shelving scheme Not for loan Home library Current library Date acquired Total Checkouts Full call number Barcode Date last seen Date last checked out Price effective from Koha item type
    Library of Congress Classification   Kabarak, Main Campus Kabarak, Main Campus 17/12/2015 1 HG4011 .H65 006930 21/11/2019 15/11/2019 17/12/2015 General Collection
    Library of Congress Classification   Kabarak, Main Campus Kabarak, Main Campus 17/12/2015   HG4011 .H65 006931 17/12/2015   17/12/2015 General Collection